LEADER 01179nam a2200313 u 4500 001 000000027805 003 CaOOAMICUS 005 20070226111729.0 008 960210s1995 it u000 u ita u 020 $a8840420312 035 $a10722575 040 $aIPA$bita 041 1 $aita$alat$agrc 245 13$aIl millenarismo :$btesti dei secoli I-II /$ca cura di Carlo Nardi. 260 $aFiesole :$bNardini,$cc1995. 300 $a271 p. ;$c21 cm 490 1 $aBiblioteca patristica ;$v27 500 $aComprende indici. 504 $aBibliografia: p. 47-51. 650 4$aMillenarismo.$0(OLS)http://pul/subject/12163 700 1 $aNardi, Carlo.$0(OLS)http://pul/name/1046 830 0$aBiblioteca patristica (Nardini) ;$v27.$0(OLS)http://pul/title/115 850 $aPUL 852 $aPUL$W1$xSL Religione 1$y3$m17 R 27$j38695$nBK-PRI$b $qStampati$B38695$CPULBib$Z2$F38695 $H $81 941 1 $a8 961 $aINV: 80452 996 $6020$a8840420312$9(OLS)http://pul/number/34482 996 $6245$aIl millenarismo :$btesti dei secoli I-II$9(OLS)http://pul/title/37998 996 $6260$aFiesole :$bNardini$9(OLS)http://pul/publisher/56117 LEADER 01018cam a2200277 a 4500 001 000000168933 003 CaOOAMICUS 005 20180719153817.0 008 180719s1954 fr 000 u fre r 032 $aLibriCat 040 $aPUL$bita 100 1 $aProust, Marcel,$d1871-1922.$0(OLS)http://pul/name/59148 245 10$aŔ la recherche du temps perdu /$cMarcel Proust . 260 $aParis :$bGallimard,$c1954. 300 $a499 p. ;$c18 cm. 490 1 $aFolio ;$v785 505 00$aContiene: La prisonničre. 740 32$aLa prisonničre. 830 0$aFolio ;$v785.$0(OLS)http://pul/title/141707 850 $aPUL 852 $aPUL$W1$xDP1 Fondo Dalla Palma$y117$m9 B 21$j44689$qFondi$B196886$CPULBib$Z2$F196886 $HDal554 $81 941 1 $a1 996 $6245$aŔ la recherche du temps perdu$9(OLS)http://pul/title/172484 996 $6740$aLa prisonničre.$9(OLS)http://pul/title/209473 996 $6260$aParis :$bGallimard$9(OLS)http://pul/publisher/48435